Normal view
MARC view
Entry Personal Name
001 - CONTROL NUMBER
- control field: 69177
003 - CONTROL NUMBER IDENTIFIER
- control field: dpl
005 - DATE AND TIME OF LATEST TRANSACTION
- control field: 20240801140055.0
008 - FIXED-LENGTH DATA ELEMENTS
- fixed length control field: 240801|| aca||aabn | a|a d
040 ## - CATALOGING SOURCE
- Original cataloging agency: dpl
- Transcribing agency: dpl
100 ## - HEADING--PERSONAL NAME
- Personal name: रिचर्ड कार्लसन
670 ## - SOURCE DATA FOUND
- Source citation: Work cat.: (dpl)204690: रिचर्ड कार्लसन, छोटी-छोटी बातों का टेंशन न लें; , 2022
